000 01030nam a2200277 i 4500
001 88313
003 ES-MaACL
005 20250901130032.0
007 t|
008 050104s1950 sp ||||1| spa d
100 1 _aLaín Entralgo, Pedro,
_d1908-2001
_969681
245 1 3 _aLa universidad, el intelectual, Europa
_b: meditaciones sobre la marcha /
_cPedro Laín Entralgo.
260 _aMadrid :
_bCultura Hispánica,
_c[1950] (
_fYagües)
300 _a140 p. ;
_c17 cm.
490 1 _aSanto y seña ;
_v8
530 _aDisponible en formato digital.
650 4 _aEnseñanza superior.
_912317
650 4 _aUniversidades.
_917680
650 7 _aVida intelectual
_2embne
_9159621
651 4 _aEuropa-
_xCivilización-
_yS.XX.
_98592
830 1 _aSanto y seña ;
_v8
_9182042
852 _aES-MaACL
_jD-7485
_cSVI
_zRevisado enlace: 1 de septiembre de 2025
856 4 _u https://www.cervantesvirtual.com/nd/ark:/59851/bmcxh047
_yBiblioteca Virtual Miguel de Cervantes
942 _2udc
999 _c88313
_d88313